Loading...
| History - World | 0 | 5 | 2 | 4 | 40 | 107 | 126.20 | 0 | 0 | 0.70 | 9.38 |
| History - American | 0 | 5 | 3 | 1 | 35 | 71 | 102.40 | 0 | 0 | 10.61 | 14.77 |
| History - European | 0 | 3 | 1 | 1 | 25 | 72 | 107.33 | 0 | 0 | 4.49 | 15.91 |
| Mythology | 0 | 2 | 0 | 2 | 20 | 142 | 142.50 | 0 | 0 | 0.14 | 2.50 |
| Geography | 0 | 2 | 0 | 1 | 20 | 111 | 120.00 | 0 | 0 | 7.40 | 25.00 |
| Religion | 0 | 2 | 0 | 1 | 20 | 129 | 132.50 | 0 | 0 | 0.22 | 5.00 |
| Fine Arts - Auditory | 0 | 2 | 0 | 2 | 20 | 131 | 135.00 | 0 | 0 | 0.13 | 2.27 |
| Fine Arts - Other | 1 | 1 | 1 | 0 | 20 | 80 | 100.00 | 0 | 2 | 5.64 | 14.77 |
| Social Science | 0 | 1 | 0 | 0 | 10 | 134 | 134.00 | 0 | 0 | 0.07 | 2.50 |
| Fine Arts - Visual | 0 | 1 | 0 | 0 | 10 | 129 | 129.00 | 0 | 0 | 0.65 | 2.27 |
| Literature - European | 0 | 1 | 0 | 0 | 10 | 124 | 124.00 | 0 | 1 | 0.07 | 4.55 |
| Pop Culture | 0 | 1 | 0 | 1 | 10 | 135 | 135.00 | 0 | 0 | 0.15 | 7.50 |
| Science - Chemistry | 0 | 1 | 0 | 1 | 10 | 111 | 111.00 | 0 | 0 | 0.08 | 4.55 |
| Science - Other | 0 | 1 | 0 | 1 | 10 | 123 | 123.00 | 0 | 0 | 0.07 | 2.27 |
| Philosophy | 0 | 1 | 1 | 1 | 5 | 128 | 128.00 | 0 | 0 | 0.07 | 1.14 |
| Literature - British | 0 | 0 | 0 | 0 | 0 | 0.00 | 0 | 0 | 0.00 | 0.00 | |
| History - Other | 0 | 1 | 2 | 0 | 0 | 121 | 121.00 | 0 | 0 | 0.16 | 3.75 |
| Popular Culture | 0 | 0 | 0 | 0 | 0 | 0.00 | 0 | 0 | 0.00 | 0.00 | |
| Science - Biology | 0 | 0 | 1 | 0 | -5 | 0.00 | 0 | 0 | 0.00 | 0.00 |